Estudio de los circuitos eléctricos

Enregistré dans:
Détails bibliographiques
Auteur principal: Lagasse, Jean (Auteur)
Format: Livre
Langue:espagnol
Publié: Madrid Paraninfo 1963
Sujets:
Tags: Ajouter un tag
Pas de tags, Soyez le premier à ajouter un tag!

MARC

LEADER 00000nam a2200000 a 4500
001 UCU5022
003 CL-VaPUC
008 960531e19630000SP |||||||||||||||||spa|d
082 0 4 |a 621.319  |b LAG  |2 21 
100 0 |a Lagasse, Jean  |e author  |9 362872 
245 1 0 |a Estudio de los circuitos eléctricos 
300 |a v 
942 |c BK 
945 |d 19960531 00:00:00  |a cmena 
260 |a Madrid  |b Paraninfo  |c 1963 
500 |a v.1: Métodos generales de análisis 
500 |a v.2: Regímenes de funcionamiento 
650 0 |a Circuitos eléctricos   |9 260262 
650 0 |a Electricidad  |9 260222 
650 0 |a Corrientes eléctricas   |9 354960 
650 0 |a Ecuaciones  |9 260137 
650 7 |a DETERMINANTES  |2 CL-VaPUC  |9 362873 
650 0 |a Matrices   |9 22 
650 0 |a Análisis de Fourier  |9 260464 
583 |a last modification  |c 19960531 00:00:00  |k Rodrigo Vera 
999 |c 248537  |d 248535 
952 |0 0  |1 0  |4 0  |6 621_319000000000000_LAG_1963  |7 0  |8 A  |9 265219  |a BIBING  |b BIBING  |d 2019-11-19  |h v.1  |i 1668277  |o 621.319 LAG 1963  |p 1668277  |r 2025-01-20  |w 2019-11-19  |y BK  |k EIE 
952 |0 0  |1 0  |4 0  |6 621_319000000000000_LAG_1963  |7 0  |8 A  |9 265220  |a BIBING  |b BIBING  |d 2019-11-19  |h v.2  |i 1668285  |o 621.319 LAG 1963  |p 1668285  |r 2025-01-20  |w 2019-11-19  |y BK  |k EIE